| 000 | 00764nam a2200229 a 4500 | ||
|---|---|---|---|
| 001 | 56461 | ||
| 003 | BD-RjUL | ||
| 005 | 20211209080410.0 | ||
| 008 | 161129s1968 bg ||||| |||| 00| 0 ben d | ||
| 020 | _c: TK 4.00 | ||
| 035 | _a(BD-RjUL)56585 | ||
| 040 |
_aBD-RjUL _bben _cBD-RjUL |
||
| 041 | _aben | ||
| 082 |
_223 _a891.443 _bBAN 1968 |
||
| 100 |
_aবড়ুয়া, অনিল _9167337 |
||
| 245 | 1 | 0 |
_aনিশি বিহঙ্গী / _cঅনিল বড়ুয়া |
| 260 |
_aঢাকা : _bআনোয়ারুল হক, _c১৯৬৮ [?] |
||
| 300 |
_a২১২ পৃ. ; _c২১ সেমি . |
||
| 650 |
_aবাংলা উপন্যাস _9167937 |
||
| 650 |
_aBengali Fictions _9167938 |
||
| 942 |
_2ddc _cBK |
||
| 999 |
_c56461 _d56461 |
||